| 000 | 00518nam a2200217Ia 4500 | ||
|---|---|---|---|
| 008 | 170918s9999 xx 000 0 und d | ||
| 020 | _a9780545234924 | ||
| 050 | _bB847 2009 | ||
| 100 | _aBrewer, Heather | ||
| 245 | _aTenth grade bleeds / | ||
| 245 | _cHeather Brewer. | ||
| 260 | _aNew York : | ||
| 260 | _bScholastic, | ||
| 260 | _c2009 | ||
| 300 | _a292 pages : | ||
| 300 | _bcolored illustration ; | ||
| 300 | _c19cm. | ||
| 440 | _aThe chronicle of Vladimir Tod ; | ||
| 440 | _v3 | ||
| 500 | _a820 | ||
| 999 |
_c342061 _d342061 |
||